000
00241nam a22001217a 4500
041
_a
ENG
100
_a
Joshi.v
245
_a
Hatapump Rakshak Margarshik
260
_a
Pune
_b
Afam Prakashan
_c
1986
300
_a
24
650
_a
GAE
856
_u
GAE
999
_c
671
_d
671